[Event "Ljubljana-chT 74th"]
[Site "Ljubljana"]
[Date "2022.03.03"]
[Round "7.4"]
[White "Konvalinka, Kostja"]
[Black "Zidar, Jernej"]
[Result "0-1"]
[WhiteElo "1695"]
[BlackElo "1704"]
[PlyCount "120"]
[EventDate "2022.01.13"]
[EventType "team-swiss"]
[EventRounds "9"]
[EventCountry "SLO"]
[SourceTitle "EXT 2024"]
[Source "ChessBase"]
[SourceDate "2023.10.10"]
[SourceVersion "1"]
[SourceVersionDate "2023.10.10"]
[SourceQuality "1"]
[WhiteTeam "Trzin Pecos Pub"]
[BlackTeam "Komenda Popotnik"]
[WhiteTeamCountry "SLO"]
[BlackTeamCountry "SLO"]

1. e4 c5 2. Nf3 d6 3. d4 Nf6 4. Nc3 cxd4 5. Nxd4 a6 6. Be2 e5 7. Nf3 Be7 8. 0-0 0-0 9. h3 Qc7 10. Bg5 Be6 11. Bxf6 Bxf6 12. Rc1 Be7 13. Nd5 Bxd5 14. Qxd5 Nd7 15. Qc4 Rac8 16. Qxc7 Rxc7 17. Nh2 Bg5 18. Rcd1 Rxc2 19. Rxd6 Rxe2 20. Rxd7 Rxb2 21. Nf3 Bf6 22. Rc1 g6 23. Rcc7 b6 24. a3 Rb3 25. Nd2 Rxa3 26. Rc6 Rd8 27. Rxd8+ Bxd8 28. Nc4 Rc3 29. Rc8 Kg7 30. Nxb6 Rxc8 31. Nxc8 f5 32. f3 fxe4 33. fxe4 a5 34. Nd6 a4 35. Nc4 Be7 36. Kf2 a3 37. Nd2 Bc5+ 38. Ke2 a2 39. Nb3 Bd4 40. Kd3 a1Q 41. Nxa1 Bxa1 42. Kc4 Kf6 43. Kd5 h5 44. g3 Kg5 45. Ke6 h4 46. g4 Kf4 47. Kf6 g5 48. Kg6 Bc3 49. Kf6 Bd2 50. Ke6 Kxe4 51. Kd6 Kf4 52. Kd5 e4 53. Kd4 e3 54. Kd3 Kf3 55. Kc2 Kf2 56. Kd1 e2+ 57. Kxd2 e1Q+ 58. Kd3 Qe3+ 59. Kc4 Qd2 60. Kc5 Qd3 0-1

[Event "SLO-chT1 Central 19th"]
[Site "Slovenia"]
[Date "2018.11.15"]
[Round "9.1"]
[White "Konvalinka, Kostja"]
[Black "Plaskan, Jure"]
[Result "0-1"]
[WhiteElo "1723"]
[BlackElo "2224"]
[PlyCount "126"]
[EventDate "2018.09.13"]
[EventType "team-tourn"]
[EventRounds "9"]
[EventCountry "SLO"]
[SourceTitle "EXT 2021"]
[Source "ChessBase"]
[SourceDate "2020.10.23"]
[SourceVersion "1"]
[SourceVersionDate "2020.10.23"]
[SourceQuality "1"]
[WhiteTeam "Trzin Pekos Pub"]
[BlackTeam "Domzale Tajfun"]
[WhiteTeamCountry "SLO"]
[BlackTeamCountry "SLO"]

1. e4 c5 2. Nf3 d6 3. d4 cxd4 4. Qxd4 Nc6 5. Bb5 Bd7 6. Bxc6 Bxc6 7. Nc3 Nf6 8. Bg5 e6 9. 0-0 Be7 10. Rfe1 0-0 11. Rad1 Qa5 12. h3 Rac8 13. Rd2 d5 14. exd5 Bc5 15. Qh4 Nxd5 16. Ne4 f6 17. Bh6 gxh6 18. Qg4+ Kh8 19. Qxe6 Rce8 20. Qf5 Bb6 21. Red1 Ne3 22. Qxa5 Bxa5 23. fxe3 Bxe4 24. Rd7 Bc6 25. R7d3 Bb6 26. Nd4 Be4 27. R3d2 Rg8 28. g4 h5 29. Kf2 hxg4 30. hxg4 Rxg4 31. Rg1 Reg8 32. Rxg4 Rxg4 33. Nf3 Rf4 34. Rd8+ Bxd8 35. exf4 Bxf3 36. Kxf3 Kg7 37. Kg4 Bc7 38. c4 h5+ 39. Kxh5 Bxf4 40. Kg4 Bc1 41. b3 Ba3 42. Kf5 Kf7 43. Ke4 Ke6 44. Kf4 Bd6+ 45. Ke4 f5+ 46. Kd4 b6 47. Kd3 f4 48. Kd4 Kf5 49. Kd5 Bc5 50. Kc6 f3 51. Kb7 f2 52. Kxa7 b5+ 53. Ka6 bxc4 54. bxc4 f1Q 55. Kb5 Qf2 56. a4 Ba7 57. a5 Ke6 58. Kc6 Qc5+ 59. Kb7 Kd7 60. Ka6 Qc6+ 61. Kxa7 Kc7 62. a6 Qb6+ 63. Ka8 Qb8# 0-1

[Event "SLO-chT Central 1st League 17th"]
[Site "Slovenia"]
[Date "2016.10.13"]
[Round "4.2"]
[White "Becic, Semso"]
[Black "Konvalinka, Kostja"]
[Result "0-1"]
[WhiteElo "1665"]
[BlackElo "1694"]
[PlyCount "84"]
[EventDate "2016.09.22"]
[EventType "team-tourn"]
[EventRounds "7"]
[EventCountry "SLO"]
[SourceTitle "EXT 2023"]
[Source "ChessBase"]
[SourceDate "2022.10.05"]
[SourceVersion "1"]
[SourceVersionDate "2022.10.05"]
[SourceQuality "1"]
[WhiteTeam "Zelenci LPP"]
[BlackTeam "Dom In Agencija Neprem"]
[WhiteTeamCountry "SLO"]
[BlackTeamCountry "SLO"]

1. e4 c5 2. Nc3 d6 3. Nf3 Nc6 4. Bc4 Nf6 5. h3 e6 6. d3 d5 7. exd5 exd5 8. Bb5 Be7 9. Ne5 Bd7 10. Nxd7 Qxd7 11. Bxc6 Qxc6 12. Qe2 0-0 13. 0-0 Rfe8 14. Qf3 h6 15. Re1 Bd6 16. Rxe8+ Rxe8 17. Bxh6 gxh6 18. Kh1 Re6 19. g3 d4 20. Qxc6 bxc6 21. Na4 Re2 22. Kg2 Rxc2 23. Kf3 Kg7 24. Re1 Kg6 25. h4 c4 26. Rd1 c5 27. g4 Nd7 28. b4 Rxa2 29. Nxc5 Nxc5 30. bxc5 Bxc5 31. dxc4 a5 32. h5+ Kf6 33. Rb1 Ke5 34. Rb5 Kd6 35. Ke4 Re2+ 36. Kd3 Rxf2 37. Rxa5 Rg2 38. Ra6+ Ke5 39. Ra5 Rg3+ 40. Ke2 d3+ 41. Kd1 Kd4 42. Ra6 Kc3 0-1

[Event "Ljubljana-chT 69th 2nd League"]
[Site "Ljubljana"]
[Date "2016.03.03"]
[Round "5.2"]
[White "Konvalinka, Kostja"]
[Black "Colic, Drago"]
[Result "1/2-1/2"]
[WhiteElo "1667"]
[BlackElo "1595"]
[PlyCount "49"]
[EventDate "2016.01.14"]
[EventType "team-tourn"]
[EventRounds "10"]
[EventCountry "SLO"]
[SourceTitle "EXT 2022"]
[Source "ChessBase"]
[SourceDate "2021.10.06"]
[SourceVersion "1"]
[SourceVersionDate "2021.10.06"]
[SourceQuality "1"]
[WhiteTeam "Dom In Agencija Neprem"]
[BlackTeam "Ljubljana Energetica Te Tol"]
[WhiteTeamCountry "SLO"]
[BlackTeamCountry "SLO"]

1. e4 e5 2. Nf3 d6 3. d4 exd4 4. Qxd4 Nc6 5. Bb5 Bd7 6. Bxc6 Bxc6 7. Nc3 h6 8. 0-0 Nf6 9. Nd5 Bxd5 10. exd5 Be7 11. c4 Qd7 12. b3 0-0 13. Re1 Rfe8 14. Bb2 Nh5 15. Qd2 Bf6 16. Bxf6 Nxf6 17. Rxe8+ Rxe8 18. Re1 Rxe1+ 19. Qxe1 Qf5 20. h3 Qc2 21. Qd2 Qb1+ 22. Kh2 Qf1 23. Qe1 Qd3 24. Qe7 Qf1 25. Qe1 1/2-1/2

[Event "Ljubljana-chT 69th 2nd League"]
[Site "Ljubljana"]
[Date "2016.01.14"]
[Round "1.2"]
[White "Kadiric, Ibrahim"]
[Black "Konvalinka, Kostja"]
[Result "0-1"]
[WhiteElo "1464"]
[BlackElo "1667"]
[PlyCount "66"]
[EventDate "2016.01.14"]
[EventType "team-tourn"]
[EventRounds "10"]
[EventCountry "SLO"]
[SourceTitle "EXT 2022"]
[Source "ChessBase"]
[SourceDate "2021.10.06"]
[SourceVersion "1"]
[SourceVersionDate "2021.10.06"]
[SourceQuality "1"]
[WhiteTeam "Medvode"]
[BlackTeam "Dom In Agencija Neprem"]
[WhiteTeamCountry "URS"]
[BlackTeamCountry "SLO"]

1. d4 Nf6 2. Nf3 d5 3. c4 e6 4. e3 c5 5. Nc3 Nc6 6. cxd5 exd5 7. Bb5 cxd4 8. Nxd4 Bd7 9. Nf3 Bc5 10. 0-0 0-0 11. Nxd5 Be6 12. Nxf6+ Qxf6 13. Qc2 Bb6 14. e4 Ne5 15. Be2 Rac8 16. Qd1 Ng4 17. h3 Rfd8 18. Qe1 Nxf2 19. Rxf2 Qg6 20. Kh1 Bxf2 21. Qxf2 Qxe4 22. Ng5 Qf5 23. Qxf5 Bxf5 24. b3 h6 25. Nf3 Rc2 26. Bc4 Rd1+ 27. Kh2 Rcxc1 28. Rxc1 Rxc1 29. Bd5 b6 30. Ne5 Rc5 31. Bxf7+ Kf8 32. Bg6 Rxe5 33. Bh5 Bxh3 0-1